| 000 | 00762nam a22002537a 4500 | ||
|---|---|---|---|
| 999 |
_c4624 _d4624 |
||
| 003 | AR-CdUCM | ||
| 008 | 190311b ||||| |||| 00| 0 spa d | ||
| 020 | _a84-8280-300-X | ||
| 020 | _a84-8280-337-9 | ||
| 040 |
_aMUNICIPALIDAD PROVINCIAL DEL CUSCO _cBIBLIOTECA MUNICIPAL DEL CUSCO |
||
| 082 |
_a828.9 / _bG79 |
||
| 100 |
_aGreene, Graham _91162 |
||
| 245 | _aNuestro Hombre en la Habana / | ||
| 260 |
_aBogota : _bLa Oveja Negra, _c1984. |
||
| 300 |
_a278 paginas ; _c20cm. |
||
| 440 |
_aObras Maestras del Siglo XX _n37 _914418 |
||
| 500 | _aTraducción de: Our man in Havanna. | ||
| 650 |
_aNovelas Inglesas _91882 |
||
| 650 |
_aSiglo XX _98 |
||
| 650 |
_aLiteratura _983 |
||
| 700 |
_aMartinez, Marisa _914419 |
||
| 942 |
_2ddc _cLIBROS |
||
| 945 | _apjha | ||